| 000 | 00367nam a22001577a 4500 | ||
|---|---|---|---|
| 003 | macl | ||
| 005 | 20210919120333.0 | ||
| 008 | 210919b |||||||| |||| 00| 0 eng d | ||
| 040 | _cmacl | ||
| 082 | _a294/DHA | ||
| 100 |
_aDhavalikar, M. k. _913187 |
||
| 245 | _aGanesa | ||
| 260 |
_aDelhi _bAryan Book lnternational _c2016 |
||
| 650 | _aReligion | ||
| 942 |
_2ddc _cBK |
||
| 999 |
_c64319 _d64319 |
||